The startup owner's manual: the step-by-step guide for building a great company
Sparad:
| Huvudupphovsmän: | , |
|---|---|
| Materialtyp: | Bok |
| Språk: | spanska |
| Publicerad: |
Los Angeles
K & S Ranch Inc
2012
|
| Upplaga: | 1a. ed |
| Ämnen: | |
| Taggar: |
Lägg till en tagg
Inga taggar, Lägg till första taggen!
|
MARC
| LEADER | 00000cam a2200000 a 4500 | ||
|---|---|---|---|
| 001 | UCE9104 | ||
| 003 | CL-VaPUC | ||
| 008 | 150928e20120000us |||||||||||||||||spa|d | ||
| 020 | |a 9780984999309 | ||
| 082 | 0 | 4 | |a 658.022 |b BLA |2 21 |
| 100 | 0 | |a Blank, Steve |e author |9 581818 | |
| 700 | 0 | |a Dorf, Bob |e author |9 581819 | |
| 245 | 1 | 4 | |a The startup owner's manual: the step-by-step guide for building a great company |
| 250 | |a 1a. ed | ||
| 300 | |a 570 p | ||
| 942 | |c BK | ||
| 945 | |d 20150928 14:02:00 |a gsalatino | ||
| 260 | |a Los Angeles |b K & S Ranch Inc |c 2012 | ||
| 650 | 0 | |a Empresas |9 255569 | |
| 650 | 0 | |a Aspectos económicos |9 255165 | |
| 650 | 7 | |a DESARROLLO EMPRESARIAL |2 CL-VaPUC |9 407085 | |
| 650 | 7 | |a DESARROLLO ESTRATEGICO |2 CL-VaPUC |9 545691 | |
| 583 | |a last modification |c 20150928 14:02:00 |k Rodrigo Vera | ||
| 999 | |c 360811 |d 360809 | ||
| 952 | |0 0 |1 0 |3 erd |4 0 |6 658_022000000000000_BLA_2012 |7 0 |8 A |9 470780 |a BIBING |b BIBING |h v.1 |i 5199468 |o 658.022 BLA 2012 |p 5199468 |r 2025-01-20 |w 2019-11-23 |y BK |z Catalogado en:20150928 |k EII | ||
| 952 | |0 0 |1 0 |3 erd |4 0 |6 658_022000000000000_BLA_2012 |7 0 |8 A |9 470781 |a BIBING |b BIBING |h v.1 |i 5199484 |o 658.022 BLA 2012 |p 5199484 |r 2025-01-20 |w 2019-11-23 |y BK |z Catalogado en:20150928 |k EII | ||
| 952 | |0 0 |1 0 |3 erd |4 0 |6 658_022000000000000_BLA_2012 |7 0 |8 A |9 470782 |a BIBING |b BIBING |h v.1 |i 5199476 |l 1 |o 658.022 BLA 2012 |p 5199476 |r 2025-03-31 |s 2025-03-26 |w 2019-11-23 |y BK |z Catalogado en:20150928 |k EII | ||